Which Animal Laid the Egg? 🥚 - Statistics

General Stats
  • This quiz has been taken 128 times
  • The average score is 7 of 12
Answer Stats
Picture Answer % Correct
chicken
98%
ostrich
95%
frog
88%
sea turtle
75%
emu
67%
robin
53%
salmon
52%
hummingbird
51%
shark
50%
butterfly
41%
octopus
30%
ladybug
17%
No matching quizzes found
Score Distribution
Percent of People with Each Score
Percentile by Number Answered
Your Score History
You have not taken this quiz